| 000 | 00638nam a2200229 a 4500 | ||
|---|---|---|---|
| 005 | 20140310183338.0 | ||
| 008 | 061103s19uu xx 00 eng d | ||
| 020 | _a9781844801954 | ||
| 050 |
_aTS 155 _b.W329 2006 |
||
| 100 | _aWaters, Donald | ||
| 245 |
_aOperations strategy / _cDonald Waters. |
||
| 260 |
_aAustralia : _bThomson Learning, _c2006. |
||
| 300 |
_a472 p. : _bill. col. ; _c27 cm. |
||
| 521 | _aBSBA | ||
| 650 | _aValue analysis. | ||
| 650 | _aValue. | ||
| 650 | _aOrganizational change. | ||
| 650 | _aOrganizational effectiveness. | ||
| 650 | _aIndustrial management. | ||
| 942 |
_cBK _2lcc _kFOR |
||
| 999 |
_c21732 _d21732 |
||